| 000 | 00993nam a22002297a 4500 | ||
|---|---|---|---|
| 001 | 113780 | ||
| 003 | DR-UNIBE | ||
| 005 | 20250701150829.0 | ||
| 008 | 250625b2021 dr ||||| |||| 00| 0 spa d | ||
| 040 |
_aBIBLIOTECA UNIBE _bspa _cBIBLIOTECA UNIBE _erda |
||
| 041 | _aspa | ||
| 082 | _aF-RD 5980 | ||
| 110 | 2 |
_aRepública Dominicana. _bMinisterios de Educación (MINERD) _eautor _9196868 |
|
| 245 | 1 | 0 |
_aPrograma de Cultura Escrita : _bcultivando el amor por la lectura y la escritura en escuelas y comunidades |
| 260 |
_aSanto Domingo : _bMinisterios de Educación (MINERD) : _bOrganización de Estados Iberoamericanos para la Educación, la Ciencia y la Cultura (OEI), _c2021 |
||
| 300 | _a19 páginas | ||
| 650 | 7 |
_2lemb _aFacilidad de lectura _92290 |
|
| 650 | 7 |
_2lemb _aLibro y lectura _9196869 |
|
| 650 | 7 |
_2lemb _aLectura _xEnseñanza correctiva _920973 |
|
| 710 | 2 |
_aOrganización de Estados Iberoamericanos para la Educación, la Ciencia y la Cultura (OEI) _eautor |
|
| 942 |
_2ddc _cMX |
||
| 999 |
_c113780 _d113780 |
||